Komunitné centrum

Gespeichert in:
Bibliographische Detailangaben
1. Verfasser: Šavelová, Adriana (Verfasst von)
Weitere Verfasser: Vinárčiková, Jana (Betreuung Doktorarbeit)
Format: Manuskript Buch
Sprache:Slowakisch
Veröffentlicht: Bratislava 2020
Schlagworte:
Online-Zugang:http://is.stuba.sk/zp/portal_zp.pl?podrobnosti=139039
Tags: Tag hinzufügen
Keine Tags, Fügen Sie das erste Tag hinzu!

MARC

LEADER 00000ntm a22000003a 4500
001 stuzp79513
003 SK-STU
005 20200811083355.4
007 ta
008 150427s2015----xo-----f-mn---000-0-slo-d
040 |a STU  |b slo 
041 0 |a slo 
100 1 |a Šavelová, Adriana  |u 055150  |4 aut  |U FAD Fakulta architektúry  |T FA Ústav interiéru a výstavníctva  |X 88094  |U A5150  |Y 396  |7 88094 
242 0 1 |a Community Center  |y eng 
245 1 0 |a Komunitné centrum 
260 |c 2020  |a Bratislava 
650 4 |a terasa  |2 slo 
650 4 |a Komunitné centrum  |2 slo 
650 4 |a Pistoriho palác  |2 slo 
650 4 |a drevená lamelová fasáda  |2 slo 
650 4 |a záhrada  |2 slo 
650 4 |a Pistori Palace  |2 eng 
650 4 |a wooden lamella facade  |2 eng 
650 4 |a garden  |2 eng 
650 4 |a terrace  |2 eng 
650 4 |a Community Center  |2 eng 
700 1 |a Vinárčiková, Jana  |u 055150  |k Z1  |4 ths  |U FAD Fakulta architektúry  |T FA Ústav interiéru a výstavníctva  |X 413  |U A5150  |Y 396  |7 A000000413 
856 4 |u http://is.stuba.sk/zp/portal_zp.pl?podrobnosti=139039  |u https://opac.crzp.sk/?fn=detailBiblioForm&sid=F50A3640C856E5108EEFBF61DB62